[Event "New York Manhattan"]
[Site "New York"]
[Date "1985.??.??"]
[Round "1"]
[White "Benjamin, Joel"]
[Black "Lobron, Eric"]
[Result "0-1"]
[WhiteElo "2540"]
[BlackElo "2505"]

1.e4 c6 2.d3 d5 3.Nd2 e5 4.Ngf3 Bd6 5.g3 Nf6 6.Bg2 O-O 7.O-O Re8 8.h3 a5
9.Re1 Na6 10.Nh2 Nc5 11.Ndf1 h6 12.Ng4 Nxg4 13.hxg4 d4 14.Nh2 a4 15.a3 Ra5
16.Bf3 Ne6 17.Kg2 Be7 18.Be2 Nf8 19.Bd2 Ra6 20.Rh1 c5 21.Qg1 b5 22.f4 exf4
23.gxf4 Ng6 24.Rf1 b4 25.Qf2 bxa3 26.bxa3 c4 27.Bc1 cxd3 28.Bxd3 Rc6 29.Qg3 Qc7
30.Qf2 Rd8 31.g5 Ba6 32.Bxa6 Rxc2 33.Bd2 hxg5 34.fxg5 Bxg5 35.Bxg5 Rxf2+
36.Rxf2 Rd6 37.Rc1 Qa5 38.Rc8+ Kh7 39.Nf3 Qxa6 40.Rfc2 f6 41.Kg3 Ne5 42.Bf4 Nxf3
43.Kxf3 Qd3+  0-1

[Event "New York op"]
[Site "New York"]
[Date "1985.??.??"]
[Round "2"]
[White "Benjamin, Joel"]
[Black "Blocker, Calvin"]
[Result "1-0"]
[WhiteElo "2540"]
[BlackElo "2385"]

1.d4 Nf6 2.c4 e6 3.Nf3 b6 4.a3 c5 5.d5 exd5 6.cxd5 g6 7.Nc3 Bg7 8.e4 O-O
9.Be2 Re8 10.e5 Ng4 11.Bg5 f6 12.exf6 Bxf6 13.Bxf6 Qxf6 14.O-O d6 15.Qa4 Rf8
16.Rae1 a6 17.Ne4 Qd8 18.Nfg5 Nh6 19.b4 Ra7 20.bxc5 bxc5 21.Rb1 Bf5 22.Ne6 Bxe6
23.dxe6 Nf5 24.Rfd1 Nd4 25.Bc4 Re7 26.Rxd4 cxd4 27.Bd5 Qc7 28.Qxd4 Rc8 29.g3 Nc6
30.Nf6+ Kh8 31.Bxc6 Qxc6 32.Nxh7+ Kg8 33.Nf6+ Kh8 34.Qh4+  1-0

[Event "New York op"]
[Site "New York"]
[Date "1985.??.??"]
[Round "4"]
[White "Benjamin, Joel"]
[Black "Dehmelt, Karl"]
[Result "1-0"]
[WhiteElo "2540"]
[BlackElo "2320"]

1.c4 Nf6 2.Nc3 e6 3.Nf3 c5 4.e3 Nc6 5.d4 cxd4 6.exd4 d5 7.cxd5 Nxd5 8.Bc4 Nxc3
9.bxc3 Be7 10.O-O O-O 11.Re1 b6 12.Bd3 Bb7 13.Qc2 g6 14.Bh6 Re8 15.Qd2 Bf6
16.Qf4 Bg7 17.Bxg7 Kxg7 18.Ng5 Re7 19.Re3 h6 20.Ne4 Rd7 21.Rh3 h5 22.Re1 Rd5
23.Qg3 Ne7 24.Ng5 Qd6 25.f4 Nf5 26.Qf2 Nh6 27.Be4 Ng4 28.Qd2 Bc6 29.Bxd5 Bxd5
30.Nf3 Re8 31.Ne5 Nf6 32.Rhe3 b5 33.Qd3 a6 34.Rg3 Kf8 35.Nxf7 Qxf4 36.Ne5 Qf5
37.Nxg6+ Kf7 38.Qxf5  1-0

[Event "New York op"]
[Site "New York"]
[Date "1985.??.??"]
[Round "5"]
[White "Kudrin, Sergey"]
[Black "Benjamin, Joel"]
[Result "1-0"]
[WhiteElo "2485"]
[BlackElo "2540"]

1.e4 c5 2.Nf3 Nc6 3.d4 cxd4 4.Nxd4 Nf6 5.Nc3 d6 6.Bg5 Qb6 7.Nb3 e6 8.Bd3 Be7
9.O-O a6 10.Kh1 O-O 11.Qe2 Qc7 12.a4 Nb4 13.a5 b5 14.axb6 Qxb6 15.Na5 Re8
16.f4 Nd7 17.Bxe7 Rxe7 18.Nc4 Qb8 19.e5 d5 20.Nd6 f5 21.Qf2 Nf8 22.Ra3 Rc7
23.Rfa1 Bd7 24.h3 Rc6 25.Kh2 Qb6 26.Qd2 Nxd3 27.cxd3 d4 28.Ne2 Rxd6 29.exd6 Qxd6
30.Rb3 Ng6 31.Qb4 Qd5 32.Qc4 Bc6 33.Qxd5 Bxd5 34.Rb4 Rc8 35.Rc1 Rxc1 36.Nxc1 Nxf4
37.g3 Ng6 38.Rxd4 Ne5 39.Ra4 Bb7 40.Kg1 Kf7 41.Kf2 g5 42.Rb4 Bc6 43.Rb6 Bb5
44.Ke3 Kf6 45.b3 h5 46.d4 Nd7 47.Rb7 e5 48.dxe5+ Kxe5 49.Nd3+ Kd6 50.Ra7 Nf6
51.Nb4 Ne4 52.h4 gxh4 53.gxh4 Nc5 54.Kf4 Nxb3 55.Nxa6 Nd4 56.Nb4 Bc4 57.Ra3 Kc5
58.Nd3+ Kd5 59.Ne1 Be2 60.Ra7  1-0

[Event "New York Manhattan"]
[Site "New York"]
[Date "1985.??.??"]
[Round "6"]
[White "London, Dimitri"]
[Black "Benjamin, Joel"]
[Result "1/2-1/2"]
[WhiteElo "2375"]
[BlackElo "2540"]

1.e4 Nc6 2.Nf3 d6 3.d4 Nf6 4.Nc3 Bg4 5.d5 Nb8 6.Be2 g6 7.Bg5 Bg7 8.Qd2 O-O
9.h3 Bxf3 10.Bxf3 c6 11.h4 Nbd7 12.h5 Ne5 13.Be2 cxd5 14.Bxf6 Bxf6 15.hxg6 hxg6
16.Qh6 Re8 17.f4 Nd7 18.f5 Bg7 19.Qh7+ Kf8 20.fxg6 Nf6 21.Qh4 Qb6 22.O-O-O Rec8
23.Rh3 dxe4 24.g4 e3 25.g5 Rxc3 26.bxc3 Nd7 27.Rf1 Bxc3 28.Rxf7+ Ke8 29.Qh8+ Bxh8
30.Rxh8+ Nf8 31.Rhxf8+ Kd7 32.g7 Qd4 33.Kb1 Qb4+  1/2-1/2

[Event "New York op"]
[Site "New York"]
[Date "1985.??.??"]
[Round "7"]
[White "Bass, Leonid"]
[Black "Benjamin, Joel"]
[Result "1-0"]
[WhiteElo "2430"]
[BlackElo "2540"]

1.d4 Nf6 2.c4 e6 3.Nc3 c5 4.d5 exd5 5.cxd5 d6 6.e4 g6 7.Bd3 Bg7 8.Nge2 O-O
9.O-O b6 10.Bg5 Ba6 11.f4 Bxd3 12.Qxd3 Nbd7 13.Ng3 Qe7 14.Rae1 c4 15.Qf3 b5
16.e5 dxe5 17.fxe5 Nxe5 18.Rxe5 Qxe5 19.Bxf6 Qxf6 20.Qxf6 Bxf6 21.Rxf6 b4
22.Nb5 Rfc8 23.Ne4 a6 24.Nd4 c3 25.bxc3 bxc3 26.Rc6 Rxc6 27.dxc6 Rd8 28.c7 Rc8
29.Nf6+ Kg7 30.Nd5 f5 31.Kf2 Kf7 32.Ke2 c2 33.Kd2  1-0

[Event "New York Manhattan"]
[Site "New York"]
[Date "1985.??.??"]
[Round "7"]
[White "Benjamin, Joel"]
[Black "Gruenfeld, Yehuda"]
[Result "1/2-1/2"]
[WhiteElo "2540"]
[BlackElo "2475"]

1.d4 Nf6 2.c4 c5 3.d5 e6 4.Nc3 exd5 5.cxd5 d6 6.Nf3 g6 7.Bf4 a6 8.e4 b5 9.Qe2 Nh5
10.Bg5 Be7 11.Bh6 Bf8 12.Qd2 Nd7 13.Be2 Bxh6 14.Qxh6 Qf6 15.O-O Qf4 16.Ng5 Ndf6
17.g3 Qd2 18.Bxh5 Nxh5 19.e5 Bf5 20.exd6 Qxb2 21.Rae1+ Kd7 22.Nxf7 Rhe8 23.Qxh7 Qxc3
24.Ne5+ Kxd6 25.Qb7 Rxe5 26.Rxe5 Qxe5 27.Qxa8 Qxd5 28.Qxa6+ Ke7 29.Re1+ Kf7
30.Qxb5 Nf6 31.Rc1 Bc2 32.a4 Ne4 33.Qa5 Bd3 34.Qc7+ Kg8 35.Qb8+ Kg7 36.Qc7+ Kg8
37.Qb8+ Kf7 38.Qc7+ Kf6 39.Qf4+ Ke6 40.Re1 g5 41.Qe3 Kf5 42.a5 Nf6 43.h3 Ba6
44.Rb1 Nd7 45.h4 gxh4 46.Qf4+ Kg6 47.Qg4+ Kf7 48.Rd1 Bd3 49.Qf4+ Nf6 50.gxh4 Qd7
51.a6 c4 52.Ra1 Be4 53.a7 Ba8 54.Qxc4+ Kg7 55.Qc3 Qd5 56.f3 Qh5 57.Qc7+ Kg6
58.Qg3+ Kf7 59.Qc7+ Kg6 60.Qg3+ Kf7  1/2-1/2

[Event "New York op"]
[Site "New York"]
[Date "1985.??.??"]
[Round "8"]
[White "Benjamin, Joel"]
[Black "Buzbuchi, Ionut"]
[Result "1-0"]
[WhiteElo "2535"]
[BlackElo "2340"]

1.d4 Nf6 2.c4 c5 3.d5 e6 4.Nc3 exd5 5.cxd5 d6 6.Nf3 g6 7.e4 Bg7 8.Be2 O-O
9.O-O Re8 10.Nd2 Na6 11.Kh1 Nc7 12.a4 Rb8 13.f3 Nd7 14.Nc4 Ne5 15.Ne3 b6
16.f4 Nd7 17.e5 dxe5 18.f5 Rf8 19.Ng4 Nf6 20.Bg5 gxf5 21.Bxf6 Bxf6 22.Nh6+ Kh8
23.Nxf5 Bb7 24.Bc4 Rg8 25.Nh6 Rg7 26.Qf3 Ne8 27.Ne4 Bxd5 28.Bxd5 Qxd5 29.Rad1 Qb7
30.Nxf6 Rg6 31.Qxb7 Rxb7 32.Nxe8  1-0

[Event "World op"]
[Site "Philadelphia"]
[Date "1985.??.??"]
[Round "?"]
[White "Benjamin, Joel"]
[Black "Kudrin, Sergey"]
[Result "1-0"]
[WhiteElo "2540"]
[BlackElo "2485"]

1.d4 Nf6 2.c4 e6 3.Nf3 b6 4.Nc3 Bb4 5.Bg5 Bb7 6.e3 h6 7.Bh4 g5 8.Bg3 Ne4
9.Qc2 Bxc3+ 10.bxc3 d6 11.Bd3 f5 12.d5 Nc5 13.Nd4 Qf6 14.f3 Nba6 15.Be2 f4
16.Bf2 e5 17.Nb5 O-O 18.exf4 gxf4 19.g3 Qf5 20.Qxf5 Rxf5 21.gxf4 Rxf4 22.Be3 Rf6
23.Kd2 c6 24.dxc6 Bxc6 25.Rhg1+ Kh7 26.Rg3 Rg8 27.Rxg8 Kxg8 28.Rg1+ Kh7 29.Rg4 Nd7
30.Bd3+ Kh8 31.Rg6 Rxg6 32.Bxg6 Kg7 33.Nxa7 Bxf3 34.Bf5 Nac5 35.Nc8 d5 36.cxd5 Bxd5
37.Nxb6 Nxb6 38.Bxc5 Na4 39.Be3 Nb2 40.Kc2 Nc4 41.Bc5 Kf6 42.Bd3 Kg5 43.a4 Kg4
44.Kb3 Nd2+ 45.Kb4 Kf3 46.Bg6 e4 47.Bh5+ Kg2 48.a5 Kxh2 49.a6 Kg3 50.a7 Kf4
51.Bf7 Ba8 52.c4 Nxc4 53.Kxc4 Ke5 54.Kb5  1-0

[Event "World op"]
[Site "Philadelphia"]
[Date "1985.??.??"]
[Round "?"]
[White "Hartman, Brian"]
[Black "Benjamin, Joel"]
[Result "1/2-1/2"]
[WhiteElo "2350"]
[BlackElo "2540"]

1.e4 e6 2.d4 d5 3.Nd2 c5 4.Ngf3 Nf6 5.e5 Nfd7 6.c3 Nc6 7.Bd3 Qb6 8.O-O cxd4
9.cxd4 Be7 10.Re1 Nxd4 11.Nxd4 Qxd4 12.Nb3 Qa4 13.Bc2 Nb6 14.Nd4 Qa5 15.a3 Bd7
16.Bd2 Qc5 17.Bb4 Qc7 18.Bxe7 Kxe7 19.Qg4 Kf8 20.b3 Nc8 21.Re3  1/2-1/2

[Event "Midwest Masters op"]
[Site "Chicago"]
[Date "1986.??.??"]
[Round "2"]
[White "Lindsay, Fred"]
[Black "Benjamin, Joel"]
[Result "0-1"]
[WhiteElo "2250"]
[BlackElo "2555"]

1.d4 Nf6 2.Nf3 c5 3.c4 cxd4 4.Nxd4 e6 5.Nc3 a6 6.g3 Qc7 7.Bg5 Be7 8.Rc1 O-O
9.Bg2 d6 10.h3 Nbd7 11.O-O Re8 12.Qd2 h6 13.Be3 Nf8 14.Rfd1 Bd7 15.Nb3 Rac8
16.Bf4 e5 17.Be3 Qb8 18.Na5 b6 19.Nb7 d5 20.Nxd5 Nxd5 21.cxd5 Bf6 22.d6 e4
23.Rxc8 Qxc8 24.Bxb6 Qxb7 25.Bd4 Bxd4 26.Qxd4 Nh7 27.Rc1 Nf6 28.Rc7 Qb5 29.e3 Qa5
30.Bf1 Qe1 31.Qc4 Qd1 32.Qxa6 Re6 33.Qe2 Rxd6 34.Rc2 Bxh3  0-1

[Event "Jerusalem"]
[Site "Jerusalem"]
[Date "1986.??.??"]
[Round "?"]
[White "Veinger, Itzchak"]
[Black "Benjamin, Joel"]
[Result "1-0"]
[WhiteElo "2415"]
[BlackElo "2540"]

1.e4 c5 2.g3 Nc6 3.Bg2 g6 4.Ne2 Bg7 5.O-O d6 6.d3 e6 7.c3 Nge7 8.d4 O-O 9.Be3 b6
10.Na3 Ba6 11.Re1 Qe8 12.Rb1 e5 13.d5 Na5 14.b4 cxb4 15.cxb4 Nc4 16.Nxc4 Bxc4
17.a4 f5 18.f3 Rf7 19.Rc1 b5 20.axb5 Qxb5 21.Rb1 a6 22.Nc3 Qb7 23.Qd2 Raf8
24.Rec1 Kh8 25.Rc2 Ng8 26.b5 axb5 27.Nxb5 Bxb5 28.Rcb2 fxe4 29.Rxb5 Qd7 30.fxe4 Nf6
31.Qe2 Ng8 32.Qd2 Nf6 33.h3 Rc8 34.Rb8 Bf8 35.Qa5 Kg7 36.Qa8 Rxb8 37.Rxb8 Ng8
38.Kh2 Qc7 39.Re8 Qb7 40.Rxf8  1-0

[Event "Jerusalem"]
[Site "Jerusalem"]
[Date "1986.??.??"]
[Round "?"]
[White "Sosonko, Gennadi"]
[Black "Benjamin, Joel"]
[Result "1/2-1/2"]
[WhiteElo "2530"]
[BlackElo "2540"]

1.d4 Nf6 2.c4 e6 3.g3 c5 4.Nf3 cxd4 5.Nxd4 Bb4+ 6.Nc3 O-O 7.Bg2 d5 8.cxd5 Nxd5
9.Bd2 Nxc3 10.bxc3 Bc5 11.Nb3 Be7 12.O-O Nc6 13.Qc2  1/2-1/2

[Event "Jerusalem"]
[Site "Jerusalem"]
[Date "1986.??.??"]
[Round "?"]
[White "Benjamin, Joel"]
[Black "Gurevich, Dmitry"]
[Result "1/2-1/2"]
[WhiteElo "2540"]
[BlackElo "2505"]

1.d4 Nf6 2.c4 e6 3.Nc3 Bb4 4.Qc2 c5 5.dxc5 Bxc5 6.Nf3 Qb6 7.e3 Qc7 8.Be2 a6
9.O-O O-O 10.b3 Be7 11.Bb2 d6 12.Rac1 Nbd7 13.Nd4 b6 14.Nc6 Nc5 15.Nxe7+ Qxe7
16.b4 Ncd7 17.Rfd1 Rd8 18.Ne4 Nxe4 19.Qxe4 Rb8 20.Qd4 Nf6 21.c5 bxc5 22.bxc5 e5
23.Qd2 Ne4 24.Qc2 Nxc5 25.Ba3  1/2-1/2

[Event "Jerusalem"]
[Site "Jerusalem"]
[Date "1986.??.??"]
[Round "?"]
[White "Birnboim, Nathan"]
[Black "Benjamin, Joel"]
[Result "1/2-1/2"]
[WhiteElo "2445"]
[BlackElo "2540"]

1.d4 g6 2.g3 Bg7 3.Bg2 d6 4.Nf3 Nf6 5.O-O O-O 6.c4 Nc6 7.Nc3 Bf5 8.Re1 Ne4
9.Nd5 Bd7 10.Be3 e6 11.Nf4 Ne7 12.Qc2 Nf6 13.Bd2 d5 14.Rac1 c6 15.Nd3 Nf5
16.e3 h5 17.Nfe5 Bc8 18.b4 Nd6 19.a4 Ng4 20.Nxg4 hxg4 21.c5 Nc4 22.Bc3 f5
23.h3 gxh3 24.Bxh3 Kf7 25.f3 Rh8 26.Bg2 Bd7 27.Nb2 Nxb2 28.Qxb2 Qg5 29.Kf2 Rh2
30.Rh1 Rah8 31.Rxh2 Rxh2 32.Rh1 Rxh1 33.Bxh1 Qh5 34.Bg2 g5 35.Qd2 Ke7 36.Qc1 Bc8
37.Qh1 Qg6 38.f4 Bf6 39.Bf3 g4 40.Be2 a6 41.Ke1  1/2-1/2

[Event "Jerusalem"]
[Site "Jerusalem"]
[Date "1986.??.??"]
[Round "?"]
[White "Benjamin, Joel"]
[Black "Murrey, Jacob"]
[Result "1/2-1/2"]
[WhiteElo "2540"]
[BlackElo "2490"]

1.d4 d5 2.c4 c6 3.Nf3 Nf6 4.Nc3 dxc4 5.Ne5 e6 6.g3 Bb4 7.Bg2 Nd5 8.Bd2 Nb6
9.Ne4 a5 10.e3 O-O 11.Qc2 N8d7 12.Bxb4 axb4 13.Nxc4 Nxc4 14.Qxc4 Qa5 15.O-O e5
16.a3 Nb6 17.Qxb4 Qxb4 18.axb4 Rxa1 19.Rxa1 exd4 20.exd4 Rd8 21.Rd1 Nc4 22.b5 cxb5
23.b3 Na5 24.d5 Bf5 25.Rd4 Nxb3 26.Rb4 Bxe4 27.Bxe4 Nd2 28.Bg2 Nc4 29.Rxb5 Nd6
30.Rb3 Kf8 31.Kf1 Rc8 32.Rb2 Ke7 33.Ke2 Rc3 34.Ra2 g5 35.Kd2 Rb3 36.Kc2 Rb6
37.Kd3 Rb1 38.h3 h5 39.Re2+ Kf6 40.Kd4 Rc1 41.Rb2 h4 42.Rb6 Ke7 43.Rb3 Rc2
44.Bf3 Rxf2 45.gxh4 gxh4 46.Ke5 Rc2 47.Kf4 Kf6 48.Rb4 b5 49.Bd1 Rc3 50.Be2 Rc5
51.Kg4 Rxd5 52.Kxh4 Rg5 53.Bg4 Rc5 54.Kg3 Ke5 55.Be2 f5 56.h4 Ne4+ 57.Kf3 Nd2+
58.Kg3 Ne4+ 59.Kf3 Nc3 60.Bf1 Rd5 61.h5 Kf6 62.Rb3 Rc5 63.Ke3 b4 64.Kd4 Rd5+
65.Kc4 Rd1 66.Bd3 Na2 67.Bb1 Rc1+ 68.Kd4 Nc3  1/2-1/2

[Event "Reykjavik op"]
[Site "Reykjavik"]
[Date "1986.??.??"]
[Round "1"]
[White "Hansson, Dan"]
[Black "Benjamin, Joel"]
[Result "0-1"]
[WhiteElo "2280"]
[BlackElo "2555"]

1.e4 e6 2.d4 d5 3.Nc3 Bb4 4.e5 b6 5.a3 Bf8 6.Nf3 Qd7 7.Bf4 Ne7 8.b4 c6 9.Bd3 Ba6
10.O-O Ng6 11.Be3 Be7 12.Ne2 Qb7 13.Ng3 Nd7 14.Nh5 O-O 15.Re1 Bxd3 16.Qxd3 a5
17.Rab1 Qa6 18.Qd2 Rfc8 19.Bg5 Bf8 20.h4 axb4 21.axb4 Qc4 22.c3 Ra2 23.Qc1 Rca8
24.Ng3 h6 25.h5 Ne7 26.Bf4 Qd3 27.Re3 Qh7 28.Ne1 c5 29.bxc5 bxc5 30.Rb7 Nb8
31.Qb1 Qxb1 32.Rxb1 Ra1 33.Rxa1 Rxa1 34.Kh2 Nec6 35.Nf3 Nd7 36.Re2 Nb6 37.Be3 c4
38.Re1 Ra3 39.Ne2 Na4 40.Rc1 Ra2 41.Bd2 Na5 42.Rb1 Nb3 43.Be1 Rxe2  0-1

[Event "Reykjavik op"]
[Site "Reykjavik"]
[Date "1986.??.??"]
[Round "2"]
[White "Hjartarson, Johann"]
[Black "Benjamin, Joel"]
[Result "1-0"]
[WhiteElo "2505"]
[BlackElo "2555"]

1.d4 Nf6 2.c4 c5 3.d5 b5 4.cxb5 a6 5.bxa6 g6 6.Nc3 Bxa6 7.e4 Bxf1 8.Kxf1 d6
9.Nf3 Bg7 10.h3 O-O 11.Kg1 Nbd7 12.Kh2 Qb6 13.Re1 Rfb8 14.Kg1 Ne8 15.Re2 Qa6
16.Qe1 Nc7 17.Bf4 Bxc3 18.bxc3 f6 19.a4 Rb3 20.Rc2 Rb7 21.a5 Qd3 22.Rcc1 Rb2
23.c4 Re2 24.Qf1 Qxe4 25.Nd2 Qd3 26.Nb1 Na6 27.Nc3 Rd2 28.Qe1 Rb2 29.Qe6+  1-0

[Event "Reykjavik op"]
[Site "Reykjavik"]
[Date "1986.??.??"]
[Round "4"]
[White "Kudrin, Sergey"]
[Black "Benjamin, Joel"]
[Result "1/2-1/2"]
[WhiteElo "2460"]
[BlackElo "2555"]

1.e4 Nc6 2.d4 e5 3.dxe5 Nxe5 4.Nf3 Qf6 5.Be2 Bb4+ 6.Nbd2 Nxf3+ 7.Bxf3 Ne7
8.O-O O-O 9.Nc4 d6 10.c3 Bc5 11.Be3 Bxe3 12.Nxe3 Be6 13.g3 Qe5 14.Qd2 Rad8
15.Rfe1 c6 16.Bg2 Qc5 17.Rad1 Qb6 18.b3 d5 19.exd5 Nxd5 20.Nxd5 Bxd5 21.Bxd5 Rxd5
22.Qe2 Rxd1 23.Rxd1 Qc7 24.Qd2 Re8 25.Qd7 Qb8 26.Rd4 c5 27.Rf4 Rf8 28.h4 b6
29.Qd5 Qc7 30.a4  1/2-1/2

[Event "Reykjavik op"]
[Site "Reykjavik"]
[Date "1986.??.??"]
[Round "6"]
[White "Welin, Thomas"]
[Black "Benjamin, Joel"]
[Result "0-1"]
[WhiteElo "2445"]
[BlackElo "2555"]

1.Nf3 d6 2.d4 Nf6 3.c4 g6 4.g3 Bg7 5.Bg2 O-O 6.O-O Nbd7 7.Nc3 e5 8.e4 exd4
9.Nxd4 Re8 10.h3 a6 11.Re1 Rb8 12.Rb1 Ne5 13.b3 Bd7 14.f4 Nc6 15.Nxc6 Bxc6
16.Bb2 Re7 17.Nd5 Bxd5 18.cxd5 Qe8 19.Qd3 Qb5 20.Qxb5 axb5 21.e5 Rbe8 22.Ba3 Nh5
23.Kh2 Bf8 24.exd6 cxd6 25.Rxe7 Bxe7 26.Re1 Kf8 27.Re2 Rc8 28.Bb4 Rc1 29.Bf3 Nf6
30.Rd2 h5 31.Kg2 Ne8 32.Be2 Nf6 33.Bf3 Ne8 34.g4 hxg4 35.hxg4 g5 36.Kg3 Bf6
37.Re2 Bc3 38.Bxc3 gxf4+ 39.Kxf4 Rxc3 40.g5 Nc7 41.Rh2 Na6 42.Rh6 Ke7 43.Rh7 Nc5
44.g6 Nd3+ 45.Kg3 Ne5 46.g7 Rxf3+ 47.Kh2 Rf2+ 48.Kg1 Rf4 49.g8=Q Rg4+ 50.Qxg4 Nxg4
51.Rh4 Nf6 52.Rb4 Kd7 53.Rxb5 Kc7 54.Kg2 Ne4 55.Kf3 Nc3 56.Ra5 Kb8 57.b4 f5
58.Ke3 b6 59.Ra3 Nxd5+ 60.Kd4 Nxb4 61.Rb3 Nc6+ 62.Kd5 Kb7 63.Kxd6 Nd4 64.Rb4 Nc6
65.Rf4 Na5 66.Rxf5 Nc4+ 67.Kd7 Ne3 68.Rh5 Nc4 69.Rh4 b5 70.Rh6 Ne5+ 71.Ke6 Nd3
72.Kd5 Nb4+ 73.Kc5 Nxa2 74.Rb6+ Ka7 75.Rxb5 Nc3 76.Rb4 Ka6 77.Rc4 Ne2 78.Ra4+ Kb7
79.Re4 Ng3 80.Rg4 Nf5 81.Rg5 Nh4 82.Kd5 Nf3 83.Rg2 Nh4 84.Rg7+ Kc8 85.Ke4 Kd8
86.Rg4  0-1

[Event "Reykjavik op"]
[Site "Reykjavik"]
[Date "1986.??.??"]
[Round "8"]
[White "Benjamin, Joel"]
[Black "Burger, Karl"]
[Result "1-0"]
[WhiteElo "2555"]
[BlackElo "2290"]

1.d4 Nf6 2.c4 e6 3.Nf3 b6 4.a3 Bb7 5.Nc3 Ne4 6.Nxe4 Bxe4 7.Bf4 Be7 8.e3 O-O
9.Bd3 Bxd3 10.Qxd3 a5 11.O-O d6 12.Rad1 Nd7 13.e4 Qc8 14.Qc2 Qb7 15.Rd2 c6
16.e5 d5 17.Bg5 Bxg5 18.Nxg5 g6 19.cxd5 cxd5 20.Rd3 Rfc8 21.Qd2 Nf8 22.Rh3 Rc6
23.Rf3 Rc7 24.Qf4 Ra7 25.Rh3 Qc8 26.Rh6 Qd8 27.h3 Ra8 28.Re1 Rac8 29.Kh2 Qe7
30.Re3 b5 31.Rf3 Qd8 32.Qh4 b4 33.axb4 axb4 34.Rf6 Re7 35.Rxh7  1-0

[Event "Reykjavik op"]
[Site "Reykjavik"]
[Date "1986.??.??"]
[Round "11"]
[White "Benjamin, Joel"]
[Black "Arnason, Arni A"]
[Result "1-0"]
[WhiteElo "2555"]
[BlackElo "2240"]

1.e4 c6 2.d4 d5 3.exd5 cxd5 4.c4 Nf6 5.Nc3 Nc6 6.Bg5 e6 7.c5 h6 8.Bxf6 Qxf6
9.Nf3 a6 10.Qd2 g5 11.h3 Bg7 12.Rd1 O-O 13.Be2 Bd7 14.O-O Rad8 15.a3 Be8
16.Rfe1 Qe7 17.b4 Qc7 18.Bf1 Ra8 19.Ne2 f5 20.Qe3 Bf7 21.Nc1 Qe7 22.Ne5 Bxe5
23.dxe5 Bh5 24.f3 Qg7 25.Rd2 f4 26.Qc3 Bg6 27.Nb3 h5 28.a4 Rf5 29.Rde2 g4
30.hxg4 hxg4 31.fxg4 Rf7 32.b5 axb5 33.axb5 Nd8 34.Rf2 Be4 35.Nd2 Bg6 36.Ra1 Rc8
37.Qd4 Qh6 38.Ra3 Qg5 39.Raf3 Rh7 40.Qxf4 Qxf4 41.Rxf4 Nf7 42.Rf6 Nxe5 43.Rxe6 Re8
44.Rxe8+ Bxe8 45.Re2 Re7 46.Nf3 Ng6 47.Rxe7 Nxe7 48.Kf2 Kf7 49.Bd3 Nc8 50.Ke3 Na7
51.Ne5+ Kf6 52.b6 Nc6 53.Nxc6 Bxc6 54.Kd4 Kg5 55.Bf5 Kf6 56.g3 Ke7 57.Ke5 Kf7
58.Be6+  1-0

[Event "USA-ch"]
[Site "?"]
[Date "1986.??.??"]
[Round "?"]
[White "Kudrin, Sergey"]
[Black "Benjamin, Joel"]
[Result "1/2-1/2"]
[WhiteElo "2495"]
[BlackElo "2540"]

1.e4 c6 2.d4 d5 3.exd5 cxd5 4.c4 Nf6 5.Nc3 e6 6.Nf3 Be7 7.cxd5 Nxd5 8.Bd3 Nc6
9.O-O O-O 10.Re1 Bf6 11.Be4 Nde7  1/2-1/2

[Event "Midwest Masters op"]
[Site "Chicago"]
[Date "1987.??.??"]
[Round "2"]
[White "Kaushansky, Leonid"]
[Black "Benjamin, Joel"]
[Result "0-1"]
[WhiteElo "2285"]
[BlackElo "2565"]

1.e4 c5 2.Nf3 Nc6 3.d4 cxd4 4.Nxd4 Nf6 5.Nc3 d6 6.g3 Nxd4 7.Qxd4 g6 8.Bg2 Bg7
9.O-O O-O 10.Qb4 a5 11.Qb5 Ra6 12.a4 Qc7 13.Qe2 Bg4 14.f3 Be6 15.Rd1 Rc6
16.Qf2 Rxc3 17.bxc3 Nd7 18.Bd2 Bxc3 19.Bxc3 Qxc3 20.Bf1 Rc8 21.Bd3 Nc5 22.Kg2 Bd7
23.Bb5 Bxb5 24.axb5 Nd7 25.Ra2 Ne5 26.Rd5 Rc4 27.Qe2 Qb4 28.Qd2 Rc3 29.Rd4 Qc5
30.Rd5 Qc4 31.Rd4 Qc8 32.Rd5 Nxf3 33.Qe2 Ne5 34.Rd2 b6 35.Ra4 Nc4 36.Rd3 Rxc2  0-1

[Event "Midwest Masters op"]
[Site "Chicago"]
[Date "1987.??.??"]
[Round "3"]
[White "Benjamin, Joel"]
[Black "Blocker, Calvin"]
[Result "1-0"]
[WhiteElo "2565"]
[BlackElo "2370"]

1.d4 Nf6 2.c4 e6 3.Nf3 c5 4.d5 exd5 5.cxd5 d6 6.Nc3 g6 7.Bg5 Bg7 8.e3 h6
9.Bh4 O-O 10.Nd2 Nbd7 11.Be2 a6 12.a4 Re8 13.O-O g5 14.Bg3 Ne5 15.Qb1 g4
16.Bxe5 Rxe5 17.Nc4 Rh5 18.Rd1 Bf5 19.Bd3 Bd7 20.a5 Qe7 21.Ne2 Rg5 22.Ng3 Rd8
23.Nb6 h5 24.Nxd7 Nxd7 25.Nf5 Qf8 26.Bf1 Bf6 27.Kh1 Kh8 28.Ra4 Re8 29.Be2 Rg6
30.h3 Ne5 31.hxg4 hxg4 32.g3 Kg8 33.Kg2 Rb8 34.Rh1 b5 35.Re4 Qc8 36.Rh5 Qb7
37.Qh1 Re8 38.Qd1 Bg7 39.Bxg4 Rxg4 40.Rxg4 Nxg4 41.Qxg4 f6  1-0

[Event "Midwest Masters op"]
[Site "Chicago"]
[Date "1987.??.??"]
[Round "5"]
[White "Benjamin, Joel"]
[Black "Rizzitano, James"]
[Result "1-0"]
[WhiteElo "2565"]
[BlackElo "2425"]

1.d4 Nf6 2.c4 e6 3.Nc3 Bb4 4.Qc2 O-O 5.Bg5 c5 6.dxc5 Nc6 7.Nf3 Bxc5 8.e3 b6
9.Rd1 Be7 10.Be2 Bb7 11.O-O Rc8 12.Qb1 d6 13.Rd2 Rc7 14.Rfd1 Rd7 15.Nb5 a6
16.Bxf6 gxf6 17.Nbd4 Kh8 18.Nxc6 Bxc6 19.Nd4 Qc7 20.b3 Rg8 21.Bf3 Bxf3 22.Nxf3 Qb7
23.Ne1 Rc7 24.Qb2 Rc5 25.Rxd6 Bxd6 26.Qxf6+ Rg7 27.Rxd6 Rc8 28.g3 Qc7 29.Qd4 b5
30.c5 h6 31.Nd3 Kh7 32.b4 a5 33.Rd7 Qb8 34.Nf4 e5 35.Qe4+ Kh8 36.Nh5 f5 37.Qxf5 Rxd7
38.Qxd7 Qc7 39.Qe6 axb4 40.Qxh6+ Kg8 41.Nf6+ Kf7 42.Ne4  1-0

[Event "Hastings8788"]
[Site "Hastings"]
[Date "1987.??.??"]
[Round "1"]
[White "Benjamin, Joel"]
[Black "Psakhis, Lev"]
[Result "1/2-1/2"]
[WhiteElo "2575"]
[BlackElo "2575"]

1.d4 f5 2.g3 Nf6 3.Bg2 g6 4.Nh3 Bg7 5.O-O O-O 6.c3 Nc6 7.Nd2 Kh8 8.Qb3 d6
9.d5 Ne5 10.Nf3 Nxf3+ 11.exf3 c6 12.dxc6 bxc6 13.Ng5 Qb6 14.f4 d5 15.Be3 Qc7
16.Bd4 h6 17.Nf3 Be6 18.Rfe1 Bg8 19.Ne5 Kh7 20.Qa3 e6 21.c4 Rfc8 22.Rac1 Qb7
23.b3 Bf8 24.Bc5 Bg7 25.Rc2 Nd7 26.Bd6 Nf6 27.Rec1 Ne4 28.cxd5 exd5 29.Rxc6 Rxc6
30.Rxc6 Rc8 31.Rxc8 Qxc8 32.Bxe4 dxe4 33.Qxa7 e3 34.Qxe3 Qc2 35.Qd3 Qxa2
36.Nc4 Qa1+ 37.Kg2 Qa8+ 38.f3 Qa2+ 39.Kh3 Be6 40.Be5 Bxe5 41.Nxe5 Qxb3 42.Qd6 Kg7
43.Kh4 Qa2 44.h3 Bf7 45.Qd4 Qd5 46.Qxd5 Bxd5 47.g4 Kf6 48.Kg3 g5 49.Nd7+ Kg6
50.Ne5+ Kf6 51.Nd3 Bc4 52.Nb4 Bf7 53.Nc6 Be6 54.Nd4 Bd7 55.Nc2 fxg4 56.hxg4 gxf4+
57.Kxf4 Kg6 58.Nb4 h5 59.g5 h4 60.Nd3 h3 61.Ne5+ Kh5 62.Kg3 Bc8 63.f4 Be6
64.Nd3 h2 65.Nf2 Bd5 66.Kxh2 Kh4  1/2-1/2

[Event "Hastings8788"]
[Site "Hastings"]
[Date "1987.??.??"]
[Round "3"]
[White "Benjamin, Joel"]
[Black "Davies, Nigel R"]
[Result "1-0"]
[WhiteElo "2575"]
[BlackElo "2460"]

1.e4 d6 2.d4 g6 3.Nc3 Bg7 4.Nf3 Nf6 5.h3 O-O 6.Be3 a6 7.Bd3 b5 8.Qe2 b4 9.Nb1 Nbd7
10.Nbd2 c5 11.dxc5 Nxc5 12.O-O Qc7 13.a3 bxa3 14.Rxa3 Nxd3 15.Qxd3 Bb7 16.c4 Nd7
17.Nd4 Rac8 18.b3 Nc5 19.Qb1 f5 20.exf5 Bxd4 21.Bxd4 Qc6 22.f3 gxf5 23.b4 Nd7
24.Re1 e5 25.Bf2 Rf7 26.Rd3 Rg7 27.b5 Qc7 28.b6 Qb8 29.Rc3 Rf8 30.c5 dxc5
31.Bxc5 Rf6 32.Re2 Kh8 33.Kh1 a5 34.Bg1 Ba6 35.Nc4 Qg8 36.Qa2 Rfg6 37.Nxe5 Bxe2
38.Nxg6+ hxg6 39.Qxe2 Kh7 40.Bd4  1-0

[Event "Hastings8788"]
[Site "Hastings"]
[Date "1987.??.??"]
[Round "6"]
[White "Short, Nigel D"]
[Black "Benjamin, Joel"]
[Result "1-0"]
[WhiteElo "2620"]
[BlackElo "2575"]

1.e4 c5 2.Nf3 Nc6 3.d4 cxd4 4.Nxd4 Nf6 5.Nc3 d6 6.Bg5 e6 7.Qd2 a6 8.O-O-O h6
9.Be3 Be7 10.f4 Bd7 11.Be2 b5 12.Bf3 Rc8 13.Kb1 Na5 14.g4 Nc4 15.Qf2 b4 16.Nce2 Qc7
17.g5 hxg5 18.fxg5 Nh7 19.h4 e5 20.Nf5 g6 21.Nxe7 Kxe7 22.Bc1 Be6 23.Ng3 Qa5
24.b3 Rc5 25.Rhf1 Rhc8 26.Bg4 Na3+ 27.Bxa3 Rxc2 28.Rd2 Rxd2 29.Qxd2 Bxg4
30.Bxb4 Qb6 31.Bxd6+ Qxd6 32.Rxf7+ Ke6 33.Qxd6+ Kxd6 34.Rxh7 Rc3 35.Nf1 Be2
36.Kb2 Rh3 37.Nd2 Kc5 38.Rd7  1-0

[Event "Hastings8788"]
[Site "Hastings"]
[Date "1987.??.??"]
[Round "7"]
[White "Benjamin, Joel"]
[Black "Larsen, Bent"]
[Result "1/2-1/2"]
[WhiteElo "2575"]
[BlackElo "2570"]

1.d4 Nf6 2.c4 c5 3.d5 g6 4.Nc3 Bg7 5.e4 d6 6.Be2 O-O 7.Bg5 e6 8.Qd2 exd5
9.cxd5 Re8 10.f3 a6 11.a4 Qc7 12.a5 Nbd7 13.Nh3 Rb8 14.O-O b5 15.axb6 Rxb6
16.Nf2 h5 17.Kh1 Nh7 18.Be3 Ne5 19.Rac1 Qd8 20.f4 Ng4 21.Nxg4 hxg4 22.e5 Bf5
23.Bd3 Bxd3 24.Qxd3 Rxb2 25.Ne4 dxe5 26.f5 Qb6 27.Bxc5 Qb3 28.fxg6 fxg6 29.Rc3 Qb5
30.d6 Nf8 31.Ba3 Qxd3 32.Rxd3 Ra2 33.Rc1 Nd7 34.h3 Re2 35.Nc5 e4 36.Rdd1 Ne5
37.d7 Rd8 38.hxg4 e3 39.Bb4 Ra2 40.Rd5 e2 41.Bc3 Nf3 42.Bxg7 Rc2 43.Ra1 Rxc5
44.Rxc5 Rxd7 45.Rcc1 e1=Q+ 46.Rxe1 Nxe1 47.Bc3 Nd3 48.Rxa6 Rc7 49.Bd4  1/2-1/2